Jména států a jejich územních částí

Salvato in:
Dettagli Bibliografici
Natura: Libro
Lingua:ceco
Pubblicazione: Praha Kartografie 1982
Tags: Aggiungi Tag
Nessun Tag, puoi essere il primo ad aggiungerne!!

MARC

LEADER 00000nam a2200000 4500
001 c127156
005 20250826125313.9
041 0 |a cze 
044 |a CZ 
245 1 0 |a Jména států a jejich územních částí 
264 1 |a Praha  |b Kartografie  |c 1982 
300 |a 203 s.  |e 7 príl.